00572cam a2200181ua 45000010005000000080039000050200018000440400009000620820008000712450061000792600055001403000015001956530023002107000030002339420007002639990015002709520105002856250131126n ii |||gr||||Z||||||eng a0-7069-2312-X cMAIN a658 aPrinciples & practice of management cBy S.S. Chatterjee aNew delhi:bvikas publishing house pvt ltd,c1983. aviii,295p. aGeneral management aChatterjee,S.S.,eAuthor. cBK c5402d5402 00104070aMAINbMAINcGENd2020-09-19l0o658 | CHAp13345r2020-09-19 00:00:00t1w2020-09-19yBK